000
00270nam a22001217a 4500
008
181015b xxu||||| |||| 00| 0 eng d
041
_a
eng
080
_2
9th
_a
510
100
_a
38
101
_a
MAT
245
_a
Calculus with Applications
_c
Lial,M.L
942
_2
udc
_c
BK
999
_c
49675
_d
49675